Pink and Purple Quiz Stats

 Plays Quiz Updated Dec 27, 2018

     
Support Sporcle.
Go Orange.
Score 0/20 Timer 06:00
0 Plays Today
Hint Term % Correct
Prince's song, album, and moviePurple Rain
86%
Band with albums such as The Dark Side of the Moon, Wish You Were Here, & The WallPink Floyd
83%
A term for a written notice indicating that you've been firedPink Slip
82.4%
U.S. military decoration awarded to those wounded or killed while serving with the militaryPurple Heart
81%
Blake Edwards film series about French police detective Jacques ClouseauThe Pink Panther
79.5%
More common name for ConjunctivitisPink Eye
79.5%
In 'Grease' the sister gang to the boys' 'T-Birds'The Pink Ladies
70%
1967 song by Jimi HendrixPurple Haze
67.4%
1986 Molly Ringwald filmPretty in Pink
66.5%
1972 John Waters film or a popular lawn ornamentPink Flamingos
59.5%
Hint Term % Correct
Genetically enhanced laboratory mice bent on world domination in the 'Animaniacs'Pinky and the Brain
57.2%
Rock band that sang 'Smoke on the Water'Deep Purple
51%
Alice Walker novelThe Color Purple
44.8%
Steve Buscemi's character in Reservoir DogsMr. Pink
38.5%
1984 Bruce Springsteen hit songPink Cadillac
19.8%
1958 Sheb Wooley hit songThe Purple People Eater
15.9%
Literary criticism for writing full of ornate or flowery languagePurple Prose
14.5%
1955 Crockett Johnson children's bookHarold and the Purple Crayon
10.5%
1985 Woody Allen filmThe Purple Rose of Cairo
10.4%
Marvel Comics supervillain Zebediah KillgravePurple Man
5.1%

From the Vault

9 Fictional British Movie Women

by Pilgab

Movies 45s
Using the accent will help. We promise.
Remove Ads.
Support Sporcle.
Get the best of Sporcle when you Go Orange. This ad-free experience offers more features, more stats, and more fun while also helping to support Sporcle. Thank you for becoming a member.

Show Comments

Extras

Top Quizzes Today


Score Distribution

Your Account Isn't Verified!

In order to create a playlist on Sporcle, you need to verify the email address you used during registration. Go to your Sporcle Settings to finish the process.

Report this User

Report this user for behavior that violates our Community Guidelines.

Details: